[Event "Montevideo Duchamp Cup 3rd"]
[Site "Montevideo"]
[Date "2019.02.12"]
[Round "5"]
[White "Areco, Antonio"]
[Black "Maestro, Esteban"]
[Result "1-0"]
[WhiteElo "1750"]
[BlackElo "1533"]
[PlyCount "108"]
[EventDate "2019.02.09"]
[EventType "swiss"]
[EventRounds "9"]
[EventCountry "URU"]
[SourceTitle "CBM 188 Extra"]
[Source "ChessBase"]
[SourceDate "2019.02.26"]
[SourceVersion "1"]
[SourceVersionDate "2019.02.26"]
[SourceQuality "1"]

1. b3 e5 2. Bb2 Nc6 3. e3 Nf6 4. c4 d5 5. cxd5 Nxd5 6. Nf3 Bd6 7. Bb5 Qe7 8. 0-0 0-0 9. Bxc6 bxc6 10. Qc1 c5 11. d4 exd4 12. exd4 cxd4 13. Re1 Qf6 14. Bxd4 Qg6 15. Ne5 Qh5 16. Nc3 Bb7 17. Nxd5 Bxd5 18. Re3 Rfe8 19. Rh3 Qf5 20. Nf3 Re4 21. Bb2 Rg4 22. Qc3 Re8 23. Re1 Rxe1+ 24. Nxe1 Bb7 25. Re3 Bc5 26. Re8+ Bf8 27. Ba3 h6 28. f3 Rg6 29. Rxf8+ Kh7 30. Kf2 Rc6 31. Qd2 Ra6 32. Qb2 Qa5 33. Rxf7 Qg5 34. Bf8 Rg6 35. Qc2 Qh4+ 36. Ke2 Ba6+ 37. Kd2 Qd4+ 38. Kc1 Qa1+ 39. Qb1 Qc3+ 40. Kd1 Qd4+ 41. Kc1 Qc3+ 42. Nc2 Rxg2 43. Rxg7+ Rxg7 44. Bxg7 Kxg7 45. Qb2 Qxb2+ 46. Kxb2 Kf6 47. Kc3 Ke5 48. Nb4 Bb7 49. Nd3+ Kf5 50. f4 h5 51. Kb4 Be4 52. Nf2 Bb1 53. Kc3 Bxa2 54. b4 Bf7 1-0

[Event "Buenos Aires Szmetan Giardelli op"]
[Site "Buenos Aires"]
[Date "2018.12.06"]
[Round "3"]
[White "Areco, Antonio"]
[Black "Benedetti, Antonella"]
[Result "1/2-1/2"]
[WhiteElo "1740"]
[BlackElo "1914"]
[PlyCount "63"]
[EventDate "2018.12.04"]
[EventType "swiss"]
[EventRounds "9"]
[EventCountry "ARG"]
[SourceTitle "CBM 187 Extra"]
[Source "ChessBase"]
[SourceDate "2018.11.04"]
[SourceVersion "1"]
[SourceVersionDate "2018.11.04"]
[SourceQuality "1"]

1. c4 e5 2. Nc3 d6 3. e4 Nc6 4. Nf3 Bg4 5. Be2 Qd7 6. d3 Nge7 7. a3 a5 8. h3 Bxf3 9. Bxf3 Nd4 10. Be3 Nec6 11. 0-0 Be7 12. Bg4 Qd8 13. Nd5 Ne6 14. f4 exf4 15. Bxe6 fxe6 16. Nxf4 Bg5 17. Qg4 Qe7 18. h4 Bxf4 19. Bxf4 0-0 20. Bg5 Qd7 21. Bd2 Rf7 22. Rxf7 Qxf7 23. Rf1 Qg6 24. Qf3 Nd4 25. Qf2 e5 26. Bxa5 b6 27. Bc3 Ne6 28. Bd2 Rf8 29. Qe1 Rxf1+ 30. Qxf1 Qg4 31. Qf2 g5 32. Qf3 1/2-1/2

[Event "American Continental 14th"]
[Site "Montevideo"]
[Date "2018.06.07"]
[Round "7"]
[White "Soto, Nicolas"]
[Black "Areco, Antonio"]
[Result "1-0"]
[WhiteElo "2011"]
[BlackElo "1746"]
[PlyCount "87"]
[EventDate "2018.06.01"]
[EventType "swiss"]
[EventRounds "11"]
[EventCountry "URU"]
[SourceTitle "CBM 184 Extra"]
[Source "ChessBase"]
[SourceDate "2018.06.28"]
[SourceVersion "1"]
[SourceVersionDate "2018.06.28"]
[SourceQuality "1"]

1. e4 c5 2. Nf3 e6 3. d4 cxd4 4. Nxd4 Nf6 5. Bd3 a6 6. c4 Bb4+ 7. Nc3 Qc7 8. 0-0 Nc6 9. Nxc6 dxc6 10. Be3 0-0 11. Na4 Nd7 12. a3 Be7 13. f4 b5 14. cxb5 cxb5 15. Rc1 Qa5 16. Nc5 Nxc5 17. Bxc5 Bxc5+ 18. Rxc5 Bb7 19. Qe1 Qb6 20. Qf2 Rfd8 21. Rc3 Qxf2+ 22. Kxf2 Rac8 23. Rxc8 Rxc8 24. g3 Kf8 25. Ke3 Ke7 26. Rd1 h6 27. Bb1 f6 28. h4 e5 29. fxe5 fxe5 30. Rf1 Rf8 31. Rf5 Rxf5 32. exf5 Kd6 33. b4 Bd5 34. g4 Ke7 35. g5 Kd6 36. Be4 hxg5 37. hxg5 Bb3 38. Bb7 Bc2 39. Bxa6 Bxf5 40. Bxb5 Bc8 41. a4 Bb7 42. Bd3 Kc7 43. a5 Bd5 44. b5 1-0